000 00622nam a2200253 a 4500
003 AR-BaBNM
005 20251128204517.0
008 082120s2002 ||||||||||||||000 | spa||
020 _a950-9129-23-2
040 _cAR-BaBNM
100 1 _aLeonardo, Sergio
245 0 0 _aEltorrente
_bAmadeo Modigliani
260 _aBuenos Aires
_bLugar Editorial
_c1990
300 _a79 p.
600 1 4 _aModigliani, Amadeo
650 4 _aLITERATURA ARGENTINA
650 4 _aLITERATURA CONTEMPORANEA
650 4 _aNOVELAS
650 4 _aBIOGRAFIAS
653 _aNARRATIVA
655 _aLITERATURA
942 _cBK
998 _cMarce
999 _c7713
_d7713